000 00569nam a2200217Ia 4500
003 GCL
008 140319s9999 xx 000 0 eng d
040 _aGCL /
_cGCL
082 0 4 _a670.42
_bN I
100 1 _aNOF, SHIMON Y
245 1 0 _aINDUSTRIAL ASSEMBLY /
_cNOF, SHIMON Y
700 1 _aWILHELM, WILBERT
700 1 _aWARNECKE, HAM - JUGEN
260 _a[S.N] :
_bCHAPMAN & HALL ،
_c1997
300 _a500 P
650 0 4 _aINDUSTRIAL ENGINEERING
650 0 4 _aASSEMBLING MACHINES
650 0 4 _aINDUSTRY
650 0 4 _aINDUSTRY AND SCIENCE
942 _2ddc
_cBK
999 _c16056
_d16056